00900nam a2200193Ia 450000500170000000800410001702000150005805000210007324500680009426000380016230000180020033600100021833700140022833800120024250000560025450503120031065000470062265000370066920231102151126.0120626s2007 mx 000 0 spa d a970106060114aKGF2914bA2 200710aConstitución Política de los Estados Unidos Mexicanos, 1917 aMéxicob : McGraw Hillc , 2007 a176 páginas atexto asin medio avolumen aIncluye: Las reformas emitidas hasta agosto de 20062 aDe las Garantías Individuales De la Soberanía Nacional y de la Forma de Gobierno De la División de Poderes De la Responsabilidad de los Servidores Públicos y Patrimonial del Estado De los Estados de la Federación y el Distrito Federal Del Trabajo y de la Previsión Social Prevenciones Generales 14aCONSTITUCIÓN POLÍTICA y1917zMÉXICO24aDERECHO CONSTITUCIONALzMÉXICO